Statistics for Richest Country in Each Region

Click here to take the quiz!

General Stats

  • This quiz has been taken 36 times
  • The average score is 12 of 18

Answer Stats

HintAnswer% Correct
OceaniaAustralia
86%
World (Pop>25M)United States
79%
South AmericaChile
75%
ScandinaviaNorway
75%
Europe (Pop>25M)Germany
71%
Southern EuropeItaly
71%
EuropeLuxembourg
71%
WorldQatar
71%
Asia (excl. Middle East)Singapore
71%
Asia (Pop>25M, excl. Middle East)Japan
68%
Central AmericaPanama
64%
Asia (Pop>25M)Saudi Arabia
61%
Hispanophone WorldSpain
57%
Slavic CountriesCzechia
54%
Europe (Pop>1M)Switzerland
50%
South/Southeast Asia (Pop>25M)Malaysia
46%
Anglophone WorldIreland
43%
AfricaBotswana
36%

Score Distribution

Percentile by Number Answered

Percent of People with Each Score

Your Score History

You have not taken this quiz